| 000 | 00649nam a2200217 a 4500 | ||
|---|---|---|---|
| 999 |
_c3049 _d3049 |
||
| 001 | 3049 | ||
| 003 | BD-JhCC | ||
| 005 | 20171109182710.0 | ||
| 008 | 171109s1977 bg |||| |||a 000 0 ben d | ||
| 035 | _a(BD-JhCC)3049 | ||
| 040 |
_aBD-JhCC _dBD-JhCC |
||
| 041 | _aben | ||
| 082 |
_a822.33 _bANT 1977 |
||
| 245 |
_aএ্যান্টিগনি সফোিক্লস্ / _cআবদার রশীদ সম্পদনা |
||
| 260 |
_aঢাকা : _bমুক্তধারা, _c১৯৭৭. |
||
| 300 |
_a61 p. : _c21 cm. |
||
| 650 | _aEnglish Drama | ||
| 700 | _aরশীদ,আবদার | ||
| 942 |
_2ddc _cBK |
||